00000000nam 2200000zi 4500
0019.924783
003CaOODSP
00520240223095029
006m     o  d f      
007cr mn|||||||||
008230705s2023    onca    o    f000 0 eng d
040 |aCaOODSP|beng|erda|cCaOODSP
043 |an-cn---
0861 |aRv4-170/2023E-PDF
24500|aNew to Canada? : |byou may be eligible for benefits and credits.
264 1|a[Ottawa] : |bCanada Revenue Agency = Agence du revenue du Canada, |c[2023]
300 |a1 online resource (1 page) : |bcolour illustrations
336 |atext|btxt|2rdacontent
337 |acomputer|bc|2rdamedia
338 |aonline resource|bcr|2rdacarrier
500 |aIssued also in French under title: Vous venez d'arriver au Canada? Vous pourriez avoir droit à des prestations et à des crédits.
500 |a"RC629-222."
650 0|aImmigrants|xTaxation|zCanada.
650 0|aImmigrants|xServices for|zCanada.
650 0|aFamily allowances|zCanada.
650 0|aTax credits|zCanada.
650 0|aTax returns|zCanada.
7102 |aCanada Revenue Agency, |eissuing body.
77508|tVous venez d'arriver au Canada? : |w(CaOODSP)9.924754
794 |tNew to Canada? : |b(2024)|w(CaOODSP)9.930831
85640|qPDF|s100 KB|uhttps://publications.gc.ca/collections/collection_2023/arc-cra/Rv4-170-2023-eng.pdf
986 |aRC629-222